Countries, that no longer exists - Statistics

General Stats
  • This quiz has been taken 33 times
  • The average score is 8 of 15
Answer Stats
Hint Answer % Correct
Absorbed by the North Vietnam South Vietnam
96%
Founded by Lenin in 1917 USSR
88%
Stopped existing after World War I Austria-Hungary
79%
Stopped existing in 1992 Yugoslavia
75%
Existed on USA teritory for over 10 years Texas
71%
His greatest leader was Suleyman Great Ottoman Empire
67%
Stopped existing in 1871 Prussia
67%
Most famous leader was Genghis Khan Mongol Empire
63%
Stopped existing as a result of Revolution in 1917 Russian Empire
58%
Lost war with USA in 1945 Japanese Empire
50%
Czech Republic and Slovakia Czechslovakia
33%
Was ruled by Philippe Pétain Vichy France
33%
Was estabilished in 1933 3rd Reich
8%
Fighting with Union in American Civil War Confederated States of America
8%
Was undressed by Prussia, Russia and Austria in 1795 Polish-Lithuanian Commonwealth
8%
No matching quizzes found
Score Distribution
Percent of People with Each Score
Percentile by Number Answered
Your Score History
You have not taken this quiz